00693nam a2200181Ia 4500003000900000008004100009040001600050080001800066100002200084245019900106260003900305300001600344490005300360650003000413650001900443700002900462700002000491IN-BaIIA211028s9999 xx 000 0 eng d cIIA Library a081:53bGIB-2 aGibbs, Willard J. 4aThe scientific papers of J. William Gibbsbvol. 2, dynamics, vector analysis and multiple algebra, electromagnetic theory of light etc.cintr. by William Raymond Longley and Ralph Gibbs Van Name aNew YorkbDover Publicationsc1961 aviii, 284p. aDover books on physics engineering and astronomy aCollected Works-J W Gibbs aNASA thesaurus aLongley, William Raymond aRalph Gibbs Van